[Event "Titled Tuesday intern op 28th Jun Early"]
[Site "Chess.com INT"]
[Date "2022.06.28"]
[Round "1"]
[White "Daeschler, Florian"]
[Black "Xu, Yi"]
[Result "0-1"]
[WhiteElo "2219"]
[BlackElo "2507"]
[PlyCount "58"]
[EventDate "2022.06.28"]
[EventType "swiss (blitz)"]
[EventRounds "11"]
[EventCountry "USA"]
[SourceTitle "CBM 209 Extra"]
[Source "ChessBase"]
[SourceDate "2022.09.30"]
[SourceVersion "1"]
[SourceVersionDate "2022.09.30"]
[SourceQuality "1"]

1. d4 Nf6 2. c4 e6 3. g3 d5 4. Bg2 Bb4+ 5. Nd2 0-0 6. Ngf3 dxc4 7. a3 Bxd2+ 8. Bxd2 b5 9. 0-0 Bb7 10. e3 Nbd7 11. b3 Nb6 12. a4 a6 13. Bb4 Re8 14. Qc2 cxb3 15. Qxb3 Nxa4 16. Rfc1 Bd5 17. Qc2 c6 18. Ne5 Bxg2 19. Kxg2 Qd5+ 20. Kg1 c5 21. Bxc5 Rac8 22. Rxa4 bxa4 23. Qxa4 Ne4 24. Nd3 Ng5 25. h4 Nf3+ 26. Kf1 e5 27. Nb4 Qe4 28. Qxa6 exd4 29. exd4 Nxd4 0-1

[Event "Titled Tuesday intern op 28th Jun Early"]
[Site "Chess.com INT"]
[Date "2022.06.28"]
[Round "3"]
[White "Hambleton, Aman"]
[Black "Daeschler, Florian"]
[Result "0-1"]
[WhiteElo "2454"]
[BlackElo "2219"]
[PlyCount "92"]
[EventDate "2022.06.28"]
[EventType "swiss (blitz)"]
[EventRounds "11"]
[EventCountry "USA"]
[SourceTitle "CBM 209 Extra"]
[Source "ChessBase"]
[SourceDate "2022.09.30"]
[SourceVersion "1"]
[SourceVersionDate "2022.09.30"]
[SourceQuality "1"]

1. d4 d5 2. Bf4 Nf6 3. e3 c5 4. c3 Nc6 5. Nd2 cxd4 6. exd4 Bf5 7. Qb3 Qc8 8. Ngf3 e6 9. Nh4 Be4 10. f3 Bg6 11. g3 Be7 12. Be3 Bd6 13. Nxg6 hxg6 14. Bf2 Ne7 15. 0-0-0 a6 16. Kb1 b5 17. Bd3 Nc6 18. f4 Na5 19. Qc2 Nc4 20. Nf3 Rb8 21. Qe2 Kf8 22. Ne5 b4 23. cxb4 Rxb4 24. b3 Na3+ 25. Kb2 Rb6 26. Rc1 Qb7 27. g4 Ne4 28. Bxe4 dxe4 29. Bg3 Nb5 30. Rhe1 Ba3+ 31. Ka1 Bxc1 32. Rxc1 Ke7 33. Qc4 Rd8 34. Nc6+ Rxc6 35. Qxc6 Qxc6 36. Rxc6 Rxd4 37. Rxa6 e3 38. Rb6 Nc3 39. Kb2 Ne4 40. Rb7+ Ke8 41. Be1 e2 42. Rb8+ Kd7 43. Rb7+ Kc6 44. Rxf7 Rd1 45. Bb4 Nd2 46. Kc2 e1Q 0-1